Pesca marítima y derecho ambiental : régimen jurídico de la pesca marítima en la Argentina /

Guardado en:
Autor Principal: Esain, José
Otros Autores: Sabsay, Daniel Alberto, (prol.)
Formato: Libro
Idioma:Spanish
Publicado: Buenos Aires : Abeledo Perrot, 2012
Edición:1a. ed.
Materias:
Etiquetas: Agregar Etiqueta
Sin Etiquetas, Sea el primero en etiquetar este registro!
LEADER 00843nam a22001935a 4500
001 DER.der013389
008 180615s2012####ag#||||||||||||||#||spa||
005 20251215190948.0
245 1 0 |a Pesca marítima y derecho ambiental :  |b régimen jurídico de la pesca marítima en la Argentina /  |c José Esain , con prólogo de Daniel Alberto Sabsay. 
250 |a 1a. ed. 
260 |a Buenos Aires :  |b Abeledo Perrot,  |c 2012 
300 |a 540 p. 
505 0 |a La Ley Federal de Pesca 24922 desde y hacia la Ley General del Ambiente 25675. -- La utilización racional de los recursos vivos del mar en el marco del desarrollo sostenible en la Argentina. 
020 |a 9789502022680 
100 1 |a Esain, José 
700 1 |a Sabsay, Daniel Alberto,  |e prol. 
650 7 |a DERECHO AMBIENTAL 
650 7 |a DERECHO DEL MAR 
859 |a DERECHO  |b BIB. DERECHO  |h 343.096  |i ESA  |p 008338